| 000 | 00943nam a22002417a 4500 | ||
|---|---|---|---|
| 999 |
_c3100 _d3100 |
||
| 003 | AR-CdUCM | ||
| 008 | 190305b ||||| |||| 00| 0 spa d | ||
| 020 | _a978-612-4165-37-5 | ||
| 040 |
_aMUNICIPALIDAD PROVINCIAL DEL CUSCO _cBIBLIOTECA MUNICIPAL DEL CUSCO |
||
| 082 |
_a869.634 / _bG25 |
||
| 100 |
_aGarcía Márquez, Gabriel _9490 |
||
| 245 | _aMachu wiraquchataq raprasapataq = Un señor muy viejo con las alas enormes / $cGabriel García Márquez ; traducción, Georgina Maldonado / | ||
| 246 | _aUn señor muy viejo con unas alas enormes | ||
| 260 |
_a[Cusco] : _bMinisterio de Cultura, Dirección Desconcentrada de Cultura de Cusco; _c2015. |
||
| 300 |
_a67 Páginas ; _bIlustraciones, _c20 cm. |
||
| 505 | _aContenido: kawsaynin -- Willacuy -- Ruwanapaq. | ||
| 650 |
_aCuentos colombianos _910486 |
||
| 650 |
_aSiglo XX _98 |
||
| 650 |
_aAlas enormes _910487 |
||
| 650 |
_aNarrativa _967 |
||
| 942 |
_2ddc _cLIBROS |
||
| 945 | _adavv | ||